Magnetic coating for primary vehicle door seals with imporved sealing performance (Record no. 62358)

MARC details
000 -LEADER
fixed length control field 00437nam a2200157Ia 4500
100 ## - MAIN ENTRY--AUTHOR NAME
Personal name Yu Zuoxing
245 #0 - TITLE STATEMENT
Title Magnetic coating for primary vehicle door seals with imporved sealing performance
260 ## - PUBLICATION, DISTRIBUTION, ETC. (IMPRINT)
Name of publisher Rubber World
Year of publication 2001
300 ## - PHYSICAL DESCRIPTION
Number of Pages 37-41,44-45
650 ## - SUBJECT ADDED ENTRY--TOPICAL TERM
Topical Term Magnetic sealing
700 ## - ADDED ENTRY--PERSONAL NAME
Personal name Bitsakakis Chris
700 ## - ADDED ENTRY--PERSONAL NAME
Personal name Choonoo Graham
700 ## - ADDED ENTRY--PERSONAL NAME
Personal name Graf H J
942 ## - ADDED ENTRY ELEMENTS (KOHA)
Koha item type Journals
Holdings
Withdrawn status Lost status Damaged status Not for loan Home library Current library Shelving location Date acquired Serial Enumeration / chronology Koha item type
      Journals RRII Library RRII Library Rubber general 01/01/2021 Volume 223, Issue 5 Journals